Tvarově vysekávaná kartonáž - skládačky
Lepenkové skladačky ako najrozšírenejšie spotrebiteľské obaly pre balenie potravinárskych ako aj nepotravinárskych produktov najmä pri samoobslužnej forme predaja. Výhody a nevýhody lepenkových skladačiek. Používané materiály. Technologický postup výroby.
Enregistré dans:
| Auteur principal: | |
|---|---|
| Format: | Chapitre de livre |
| Langue: | tchèque |
| Sujets: | |
| Tags: |
Pas de tags, Soyez le premier à ajouter un tag!
|
MARC
| LEADER | 00000naa a2200000 4500 | ||
|---|---|---|---|
| 001 | 0122166 | ||
| 005 | 20231129095619.9 | ||
| 041 | 0 | |a cze | |
| 044 | |a CZ | ||
| 245 | 1 | 0 | |a Tvarově vysekávaná kartonáž - skládačky |c Miloslav Vítek |
| 520 | |a Lepenkové skladačky ako najrozšírenejšie spotrebiteľské obaly pre balenie potravinárskych ako aj nepotravinárskych produktov najmä pri samoobslužnej forme predaja. Výhody a nevýhody lepenkových skladačiek. Používané materiály. Technologický postup výroby. | ||
| 610 | 2 | 0 | |a obaly |
| 610 | 2 | 0 | |a balenie |
| 610 | 2 | 0 | |a technika obalová |
| 610 | 2 | 0 | |a výroba |
| 610 | 2 | 0 | |a potraviny |
| 610 | 2 | 0 | |a papier |
| 100 | 1 | |a Vítek, Miloslav | |